| 000 | 00378nam a2200145Ia 4500 | ||
|---|---|---|---|
| 008 | 240624s9999 xx 000 0 und d | ||
| 041 | _aeng | ||
| 082 | _a658.7 WAT | ||
| 100 | _aWATERS DONALD | ||
| 245 | _aGLOBAL LOGISTICS NEW DIRECTIONS IN SUPPL | ||
| 250 | _a(5th ed.) | ||
| 260 |
_c2007 _aNew Delhi _bKogan Page |
||
| 300 | _axxviii, : 436 : p. : cm. ; 22 | ||
| 365 |
_cRS _b32 |
||
| 999 |
_c7630 _d7630 |
||